000 01316nam a2200133Ia 4500
008 220216s9999 xx 000 0 und d
100 _aGnanaharan R
245 0 _aOverview of rubber wood research in India
260 _bIn: Abstracts of Papers: First National Seminar on Rubber Wood, 12 December 1989, Rubber Research Institute of India, Kottayam, Kerala, India, pp. 1.
_c1989
520 _aRubber wood which posed a disposal problem in Malaysia at one time has now come to the rescue of wood industry in a big way. Due to the replanting programme, sustained availability of rubber wood is assured and currently, about 600,000 m3 of round wood is produced. The work carried out in India and elsewhere has clearly demonstrated the potential uses of rubber wood for furniture, joinery, household articles, etc. The physical and strength properties of rubber wood in comparison with other timbers are presented. Chemical treatment which is essential to overcome the perishable nature of rubber wood is emphasized and the different methods of treatment available are discussed. The paper also gives an overview of the work that needs to be carried out in India for effective utilisation of this raw material from a non-conventional source to save our forests.
650 _aIndia
650 _aRubberwood
942 _cBO
999 _c48061
_d48061